| Tag |
First Indicator |
Second Indicator |
Subfields |
| LEADER |
00000cam a2200000 i 4500 |
| 001 |
in00000990404 |
| 005 |
20160216132918.0 |
| 007 |
he am||||b||| |
| 008 |
810630r19791929ncu b 00110 eng d |
| 035 |
|
|
|a (OCoLC)07540229
|
| 035 |
|
|
|9 AEY1455AM
|
| 037 |
|
|
|a CL0086000001
|b University Microfilms International
|
| 037 |
|
|
|b University Microfilms International, 300 N. Zeeb Road, Ann Arbor, MI 48106
|
| 040 |
|
|
|a PHA
|c PHA
|d GLZ
|d OCL
|d GLZ
|d UMI
|d TXA
|d UtOrBLW
|
| 043 |
|
|
|a n-us-nc
|
| 049 |
|
|
|a TXAI
|
| 099 |
|
|
|a fiche
|a C
|a 13262
|
| 100 |
1 |
|
|a Bynum, Curtis,
|d 1882-
|
| 245 |
1 |
0 |
|a Marriage bonds of Tryon and Lincoln Counties, North Carolina /
|c abstracted and indexed by Curtis Bynum.
|
| 264 |
|
1 |
|a [Place of publication not identified] :
|b [publisher not identified],
|c 1929.
|
| 300 |
|
|
|a 184 pages ;
|c 23 cm.
|
| 336 |
|
|
|a text
|b txt
|2 rdacontent
|
| 337 |
|
|
|a microform
|b h
|2 rdamedia
|
| 338 |
|
|
|a microfiche
|b he
|2 rdacarrier
|
| 500 |
|
|
|a Includes cross-index of brides.
|
| 533 |
|
|
|a Microfiche.
|b Sanford, N.C. :
|c Microfilming Corp. of America,
|d [1979]
|e 2 microfiches ; 11 x 15 cm.
|f (Genealogy and local history ; PS 249)
|
| 536 |
|
|
|a Acquired through the generosity of Mrs. Mary Marshall.
|
| 500 |
|
|
|a Microform.
|
| 650 |
|
0 |
|a Registers of births, etc.
|z North Carolina
|z Tryon County.
|
| 650 |
|
0 |
|a Registers of births, etc.
|z North Carolina
|z Lincoln County.
|
| 650 |
|
0 |
|a Marriage licenses
|z North Carolina
|z Tryon County.
|
| 650 |
|
0 |
|a Marriage licenses
|z North Carolina
|z Lincoln County.
|
| 651 |
|
0 |
|a Tryon County (N.C.)
|x Genealogy.
|
| 651 |
|
0 |
|a Lincoln County (N.C.)
|x Genealogy.
|
| 830 |
|
0 |
|a Genealogy and local history ;
|v PS 249.
|
| 999 |
|
|
|a MARS
|
| 999 |
f |
f |
|s 152f4aab-6fba-384a-9a94-01bc70096e99
|i d7ae88f9-bc8e-35e7-b1ad-b63750d64884
|t 0
|
| 952 |
f |
f |
|p default
|a Texas A&M University
|b College Station
|c Sterling C. Evans Library
|d Evans: Microforms (3rd floor)
|t 0
|e fiche C 13262
|h Other scheme
|i microform -- microfiche
|
| 998 |
f |
f |
|a fiche C 13262
|t 0
|l Evans: Microforms (3rd floor)
|